Countries Closest to Rwanda - One Minute Sprint - Statistics

General Stats
  • This quiz has been taken 75 times
  • The average score is 16 of 20
Answer Stats
km country miles % Correct
0 Democratic Republic of the Congo 0
100%
372 Kenya 231
98%
0 Burundi 0
97%
0 Uganda 0
97%
1256 Republic of the Congo 780
94%
507 South Sudan 315
90%
0 Tanzania 0
90%
1134 Somalia 705
89%
872 Ethiopia 542
87%
610 Zambia 379
87%
1170 Sudan 727
83%
751 Central African Republic 466
79%
1423 Zimbabwe 884
79%
1121 Mozambique 697
78%
1547 Chad 961
75%
815 Malawi 506
71%
941 Angola 585
65%
1491 Cameroon 927
63%
1600 Gabon 994
59%
1703 Comoros 1058
33%
No matching quizzes found
Score Distribution
Percent of People with Each Score
Percentile by Number Answered
Your Score History
You have not taken this quiz